MDD na rómsku nôtu

Podrobná bibliografia
Hlavný autor: Sentpéteryová, Ľubica (Autor)
Médium: Článok
Jazyk:slovenčina
PhysicalDescription:Fotogr.
Predmet:

MARC

LEADER 00000nab a2200000 a 4500
001 vtls009455571
003 SK-MaSNL
005 20260305034205.0
008 081216c2008 xo qr| 0 0slo
038 |a RVGKPD 
040 |a RVGKPD  |b slo  |c RVGKPD  |e AACR2 
041 |a slo 
044 |a xo  |c SK 
080 |a 323.215-053.2  |2 1997 
100 1 |a Sentpéteryová, Ľubica  |4 aut  |9 1615247 
245 1 0 |a MDD na rómsku nôtu  |c Ľubica Sentpéteryová 
300 |b Fotogr. 
611 1 7 |a Medzinárodný deň detí  |2 rvgkpd  |9 559393 
651 7 |a Nižná Slaná (Slovensko)  |2 rvgkpd  |9 29467 
651 7 |a Rožňava (Slovensko : okres)  |2 rvgkpd  |9 19215 
773 0 |t Nižnoslanské noviny  |g Roč. VI, č. 3 (september 2008), s. 5 
852 |a RVGKPD  |b KIS3G 
992 |a RBX 
999 |c 3328331  |d 3330261